BOTW Quiz - Statistics

General Stats
  • This quiz has been taken 79 times
  • The average score is 8 of 31
Answer Stats
Answer Answer % Correct
Bokoblin
73%
Zelda
73%
Link
69%
Mipha
53%
Daruk
50%
Urbosa
50%
Revali
49%
Fireblight Ganon
36%
Riju
36%
Sidon
36%
Thunderblight Ganon
36%
Waterblight Ganon
36%
Windblight Ganon
36%
Yunobo
33%
Teba
26%
Hinox
23%
Lynel
17%
Molduga
11%
Guardian
9%
Great Deku Tree
7%
Ganondorf
6%
King Bosphoramus King Roahm
3%
Beedle
1%
Bolson
1%
Buliara
1%
Hudson
1%
Hyrule bass
1%
Lizalofos
1%
Master Khoga
1%
Stealthfin Trout
1%
Staminoka Bass
0%
No matching quizzes found
Score Distribution
Percent of People with Each Score
Percentile by Number Answered
Your Score History
You have not taken this quiz